[Event "Olympiad Women 2024"]
[Site "Budapest HUN"]
[Date "2024.09.20"]
[Round "9.45"]
[Board "2"]
[White "Blackman, Katrina"]
[Black "Caxita, Esperanca"]
[Result "0-1"]
[WhiteElo "1814"]
[BlackElo "1932"]
[PlyCount "80"]
[EventDate "2024.09.11"]
[WhiteTeam "Barbados"]
[BlackTeam "Angola"]
[WhiteTeamCountry "BAR"]
[BlackTeamCountry "ANG"]

1. e3 e5 2. d4 exd4 3. exd4 d5 4. Bd3 Nf6 5. Nf3 c5 6. O-O Be7 7. dxc5 Nc6 8. Re1 O-O 9. Nc3 ({RR} 9. h3 Bxc5 10. Nc3 d4 11. Ne4 Nxe4 12. Bxe4 h6 13. a3 a5 14. Qd3 Qf6 15. Bd2 Rd8 16. Rad1 b6 17. b4 axb4 18. axb4 Bf8 19. b5 Ra3 20. Qc4 Na5 21. Bxa5 Rxa5 22. Rxd4 Rxd4 23. Nxd4 Bc5 {1-0 Kramnik,V (2753)-Ljukin,S (2362) Titled Tue 16th May Late 2023 (1)}) 9... Bxc5 10. Bg5 Be6 11. Qd2 d4 $146 ({RR} 11... a6 12. Qf4 Be7 13. Rad1 Nb4 14. Bxf6 Nxd3 15. Bxe7 Nxf4 16. Bxd8 Rfxd8 17. Rd4 Nh5 18. Ng5 Re8 19. g3 Nf6 20. f4 h6 21. Nf3 b5 22. Ne5 Rac8 23. a3 Red8 24. Nd3 Rc4 25. Rxc4 dxc4 26. Nc5 {1-0 Al Tarbosh,W (2238)-Rudykh,S (2218) chess.com SpeedChess Q2Sw 2022 (8)}) ({RR} 11... Re8 12. Nb5 Rc8 13. c3 h6 14. Bh4 a6 15. Nbd4 Nxd4 16. Nxd4 Bxd4 17. cxd4 g5 18. Bg3 Ne4 19. Bxe4 dxe4 20. Rxe4 f5 21. Re5 f4 22. Bxf4 gxf4 23. Qxf4 Kg7 24. Qg3+ Kh7 25. Qd3+ Kg7 26. Qg3+ {½-½ Xiong,J (2646)-Galchenko,M (2438) Titled Tue 20th Aug Early 2024 (7)}) ({RR} 11... Re8 12. Rad1 h6 13. Bh4 Be7 14. Bb5 a6 15. Bf1 Qa5 16. Bxf6 Bxf6 17. Nxd5 Qxd5 18. Qxd5 Bxd5 19. Rxd5 Rxe1 20. Nxe1 Bxb2 21. Rd7 b5 22. Nd3 Bf6 23. Rd6 Nd4 24. Nc5 Nxc2 25. Rxa6 Rd8 26. h3 {1-0 Gaymaleev,R (1274)-Zemlyanskii,I (1543) RUS Cup U09 final 2019 (6)}) 12. Bxf6 Qxf6 13. Ne4 Qe7 14. Nxc5 Qxc5 15. a3 a5 16. Rad1 Rfd8 17. Ng5 Bf5 18. Qf4 Rd5 19. g4 h6 20. gxf5 hxg5 21. Qxg5 Ne5 22. Be4 Rd7 23. Qg3 f6 24. Kh1 a4 25. Rg1 Nc4 26. Qg6 Qe7 27. Rde1 Qf7 28. Qg2 Rc8 29. Rd1 Kf8 30. Rd3 Re8 31. Rh3 Ne5 32. f4 Nc4 33. Bd3 Ne3 34. Qf3 Ke7 35. Bb5 Kd8 36. Bxd7 Qxd7 37. Re1 Kc7 38. Rg3 Nxf5 39. Rgg1 Nh4 40. Rxg7 Rxe1+ 0-1

[Event "Olympiad Women 2024"]
[Site "Budapest HUN"]
[Date "2024.09.20"]
[Round "9.45"]
[Board "3"]
[White "Junior, Ednasia"]
[Black "Reifer-Belle, Chanon"]
[Result "1-0"]
[WhiteElo "1888"]
[BlackElo "1736"]
[PlyCount "101"]
[EventDate "2024.09.11"]
[WhiteTeam "Angola"]
[BlackTeam "Barbados"]
[WhiteTeamCountry "ANG"]
[BlackTeamCountry "BAR"]

1. e4 e5 2. Nf3 Nc6 3. Bc4 Bc5 4. c3 Nf6 5. d4 exd4 6. O-O d5 7. exd5 Nxd5 8. cxd4 Be7 9. Bxd5 Qxd5 10. Nc3 Qd8 11. d5 Nb8 12. Bf4 a6 ({RR} 12... O-O 13. Nb5 Bd6 14. Nxd6 cxd6 15. Re1 Na6 16. Qd4 Bf5 17. Rac1 Qd7 18. h3 Rfe8 19. Nh4 Bg6 20. Nxg6 hxg6 21. Rxe8+ Rxe8 22. Qxa7 Nc5 23. Be3 Nd3 24. Rc2 Qb5 25. Qd4 Nb4 26. Rc4 Nxa2 27. Ra4 {1-0 Braun,C (2395)-Makhnyov,D (2476) Titled Tuesday intern op 5th Nov blitz 2019 (9)}) 13. Rc1 O-O 14. Ne4 c6 $146 ({RR} 14... Bd6 15. Nxd6 cxd6 16. Qc2 Bg4 17. Ng5 g6 18. Qc7 {1-0 Vykouk,J (2431)-Hons,T (1884) CZE-ch U18/20 sf 2015 (8)}) 15. Bxb8 Rxb8 16. d6 Bf6 17. Nxf6+ gxf6 18. Qd4 Be6 19. Rc5 Bd5 20. Nh4 Re8 21. Nf5 Re4 22. Qd3 Kh8 23. Qg3 Qg8 24. Qxg8+ Rxg8 25. Ne7 Rd8 26. Nxd5 cxd5 27. Rxd5 Re2 28. Rb1 Kg8 29. Kf1 Re5 30. Rbd1 Kf8 31. R5d4 Rh5 32. h3 Rb5 33. b3 Rb6 34. Ke2 Ke8 35. Kf3 Kd7 36. Re1 Rxd6 37. Rxd6+ Kxd6 38. Rd1+ Ke7 39. Rxd8 Kxd8 40. Ke4 Kd7 41. Kf5 Ke7 42. f4 b6 43. a4 b5 44. axb5 axb5 45. b4 h6 46. g4 Kf8 47. Kxf6 Kg8 48. h4 Kf8 49. h5 Kg8 50. g5 hxg5 51. fxg5 1-0

[Event "Olympiad Women 2024"]
[Site "Budapest HUN"]
[Date "2024.09.20"]
[Round "9.45"]
[Board "4"]
[White "Springer, Leshay"]
[Black "Pires, Luzia"]
[Result "0-1"]
[WhiteElo "1425"]
[BlackElo "1877"]
[PlyCount "90"]
[EventDate "2024.09.11"]
[WhiteTeam "Barbados"]
[BlackTeam "Angola"]
[WhiteTeamCountry "BAR"]
[BlackTeamCountry "ANG"]

1. d4 f5 2. Nf3 Nf6 3. Bf4 e6 4. e3 b6 5. Bd3 Bb7 6. Nbd2 Be7 7. Qe2 O-O 8. O-O ({RR} 8. c3 Ne4 9. Rg1 Nxd2 10. Nxd2 g5 11. Bg3 d5 12. h3 c5 13. f4 Bd6 14. Nf3 cxd4 15. Nxg5 dxc3 16. Nxe6 Qf6 17. Nxf8 Bxf8 18. O-O-O Nc6 19. Qh5 Bg7 20. Bh4 Qf8 21. Qxf5 Qb4 22. Qxd5+ Kh8 {1-0 Kantor,G (2533)-Gukesh,D (2578) Riga Tech op-A 2021 (9)}) ({RR} 8. c3 c5 9. h3 cxd4 10. exd4 Nd5 11. Bh2 Bg5 12. Nxg5 Qxg5 13. Rg1 Nf4 14. Bxf4 Qxf4 15. Qe3 Qc7 16. f4 Nc6 17. Nf3 Ne7 18. c4 b5 19. b3 bxc4 20. bxc4 Bxf3 21. Qxf3 Qb6 22. Qe3 Nc6 {0-1 Pham Le Thao Nguyen (2395)-Cori T.,D (2389) Swiss Queens Wed #20 2024 (11.14)}) 8... Nh5 9. Be5 d6 $146 ({RR} 9... Nf6 10. h3 d6 11. Bh2 Qe8 12. e4 fxe4 {½-½ Schubert,C (2295)-Prenzler,D (1508) Niedersachsen-ch U16 2001 (6)}) 10. Bf4 c5 11. c3 Nc6 12. Bc4 d5 13. Bd3 Qe8 14. Rac1 Kh8 15. Rfd1 Rg8 16. Bg5 Bxg5 17. Nxg5 g6 18. Ngf3 e5 19. dxe5 Nxe5 20. Nxe5 Qxe5 21. Nf3 Qe7 22. Bc2 f4 23. Re1 Rge8 24. Ba4 Rec8 25. exf4 Qxe2 26. Rxe2 Nxf4 27. Re7 Bc6 28. Bxc6 Rxc6 29. Rce1 Nd3 30. R1e2 h6 31. Rd2 Nf4 32. Ne5 Re6 33. Rxe6 Nxe6 34. Nxg6+ Kg7 35. Ne7 d4 36. cxd4 Nxd4 37. h3 Re8 38. Nd5 Rd8 39. Nc3 Nf3+ 40. gxf3 Rxd2 41. Nb5 Rxb2 42. Nxa7 c4 43. Kf1 c3 44. Ke1 Rb1+ 45. Ke2 c2 0-1

[Event "Olympiad Women 2024"]
[Site "Budapest HUN"]
[Date "2024.09.20"]
[Round "9.46"]
[Board "1"]
[White "Miladi, Amen"]
[Black "Cordero, Daniela"]
[Result "1-0"]
[WhiteElo "1851"]
[BlackElo "2017"]
[PlyCount "67"]
[EventDate "2024.09.11"]
[WhiteTeam "Tunisia"]
[BlackTeam "Bolivia"]
[WhiteTeamCountry "TUN"]
[BlackTeamCountry "BOL"]

1. e4 e6 2. d4 d5 3. Nd2 c5 4. exd5 Qxd5 5. Ngf3 cxd4 6. Bc4 Qd6 7. O-O Nf6 8. Nb3 Be7 9. Nbxd4 O-O 10. Qe2 a6 11. Bg5 b5 12. Bd3 Bb7 13. a4 $146 ({RR} 13. Rad1 Nbd7 14. c3 Bd5 15. Rfe1 Bd8 16. Bh4 Bc7 17. Bb1 g6 18. b3 Qc5 19. Rc1 Bf4 20. Rc2 Bh6 21. c4 bxc4 22. bxc4 Bxf3 23. Nxf3 Bg7 24. Rd1 Nb6 25. Nd2 Na4 26. Nb3 Qc6 27. Bxf6 Bxf6 {½-½ Valiyev,S (2158)-Bayasgalan,K (2071) IM ASK 13 2022 2023 (7.1)}) ({RR} 13. Rad1 Nbd7 14. Nxb5 axb5 15. Bxh7+ Nxh7 16. Rxd6 Bxd6 17. Be3 Rfd8 18. Rd1 Bf8 19. Qxb5 Ne5 20. Rxd8 Rxd8 21. h3 Nxf3+ 22. gxf3 Bxf3 23. Bc5 Rd1+ 24. Kh2 Rd5 25. Qb3 Rxc5 26. Qxf3 Rxc2 27. Qb3 Rxf2+ {0-1 Kuznetsov,F (2307)-Holt,C (2561) Titled Tuesday intern op 2nd Oct blitz 2018 (4)}) 13... b4 14. Rad1 Nc6 15. Bc4 Nxd4 16. Nxd4 Qc5 17. Bh4 Rfc8 18. Bb3 Kh8 19. Rfe1 Nd5 20. Bxe7 Qxe7 21. Qg4 Qf6 22. Nf3 a5 23. Qd4 Qf5 24. Re5 Qf6 25. Re4 Rd8 26. Qe5 Rd7 27. Red4 Rad8 28. Qg3 h6 29. Ne5 Rd6 30. R1d3 Nf4 31. Qxf4 Rxd4 32. Qxf6 gxf6 33. Nxf7+ Kg7 34. Nxd8 1-0

[Event "Olympiad Women 2024"]
[Site "Budapest HUN"]
[Date "2024.09.20"]
[Round "9.46"]
[Board "2"]
[White "Yepez Montenegro, Gloria Luz"]
[Black "Mefteh, Meyssem"]
[Result "1/2-1/2"]
[WhiteElo "1818"]
[BlackElo "1834"]
[PlyCount "91"]
[EventDate "2024.09.11"]
[WhiteTeam "Bolivia"]
[BlackTeam "Tunisia"]
[WhiteTeamCountry "BOL"]
[BlackTeamCountry "TUN"]

1. d4 d5 2. c4 e6 3. Nc3 c6 4. Nf3 dxc4 5. a4 Bb4 6. Ne5 b5 7. e3 Nf6 8. Bd2 a5 9. Qf3 Bxc3 ({RR} 9... Ra7 10. Nxc6 Nxc6 11. Qxc6+ Bd7 12. Qf3 Bxc3 13. bxc3 Qb6 14. Rb1 Bc6 15. Qd1 O-O 16. axb5 Be4 17. Rb2 a4 18. f3 a3 19. Ra2 Qxb5 20. fxe4 Qb3 21. Qa1 Rb8 22. Bc1 Nxe4 23. Rxa3 Rxa3 24. Qxa3 {½-½ Anishka,V (1995)-Nordahl,H (2330) Fagernes GM Open 2024 (4.29)}) 10. Bxc3 Qd5 ({RR} 10... Ra6 11. Qg3 Nh5 12. Qf3 Nf6 13. Qg3 Nh5 14. Qg4 g6 15. Be2 Nd7 16. O-O O-O 17. Rfd1 Nhf6 18. Qf3 Nd5 19. e4 Nxc3 20. Qxc3 Qe7 21. Ng4 h5 22. Ne3 Nb6 23. axb5 cxb5 24. b3 Qb4 25. Qxb4 {½-½ Genov,P (2470)-Haslinger,S (2529) Hoogeveen Unive op 2009 (9)}) 11. axb5 cxb5 12. Ra2 $146 ({RR} 12. b3 Qxf3 13. gxf3 Bb7 14. bxc4 b4 15. Bd2 Nfd7 16. Nxd7 Nxd7 17. Be2 Ke7 18. Rxa5 Rxa5 19. Bxb4+ Nc5 20. Bxa5 Ra8 21. Bc3 Ra3 22. dxc5 Rxc3 23. Kd2 Ra3 24. Rb1 Bc6 25. e4 Ra5 26. Ke3 e5 {½-½ Moskalenko,V-Moroz,A UKR Young Masters-ch 1984 (2)}) 12... a4 13. Rxa4 Ra6 14. Ra5 Rxa5 15. Bxa5 Qd6 ({RR} 15... Nbd7 16. Nxd7 Qxf3 17. gxf3 Bxd7 18. Bb4 Bc6 19. Be2 Kd7 20. Rg1 Nd5 21. Bc5 Ra8 22. Kd2 Ra2 23. Kc2 g6 24. Kb1 Ra8 25. Rc1 f6 26. Bd1 Rb8 27. b3 cxb3 28. Bxb3 f5 29. Kb2 Ra8 30. Bd1 {1-0 Behrhorst,F (2240)-Behrens,M Weilburg NBG op 1996 (6)}) ({RR} 15... Nbd7 16. Qxd5 Nxd5 17. Nxd7 Bxd7 18. Be2 O-O 19. e4 Ra8 20. Bd2 Ra1+ 21. Bd1 Nf6 22. f3 Rb1 23. Bc3 b4 24. Bxb4 Ba4 25. Kd2 Rxb2+ 26. Kc3 Rb1 27. Bxa4 Rxh1 28. Kxc4 Rxh2 29. g4 Ra2 30. Bd1 {0-1 Le Thi Thu,H-Do Thi Diem,H VIE-ch (Women) 2003 (4)}) 16. Be2 Qa6 17. Bc3 Bb7 18. Qg3 Qa1+ 19. Bd1 O-O 20. O-O Ne4 21. Qf4 Nxc3 22. bxc3 Qxc3 23. Bh5 g6 24. Qh6 Qc2 25. Bd1 Qf5 26. Bg4 Qf6 27. Rb1 Ba6 28. Rc1 Rd8 29. Bf3 Nd7 30. Ng4 Qg7 31. Qf4 Rc8 32. Nh6+ Kh8 33. Nxf7+ Kg8 34. Ng5 Rf8 35. Qd6 Bc8 36. Qxe6+ Kh8 37. Qc6 Qf6 38. Qd5 Bb7 39. Qxb7 Qxg5 40. Qxd7 Rxf3 41. h4 Qf5 42. Qe8+ Qf8 43. Qe5+ Rf6 44. Rb1 b4 45. g4 Kg8 46. Qd5+ 1/2-1/2

[Event "Olympiad Women 2024"]
[Site "Budapest HUN"]
[Date "2024.09.20"]
[Round "9.46"]
[Board "3"]
[White "Ben Amor, Meriem"]
[Black "Gareca Ordonez, Carla Angelica"]
[Result "0-1"]
[WhiteElo "1733"]
[BlackElo "1778"]
[PlyCount "62"]
[EventDate "2024.09.11"]
[WhiteTeam "Tunisia"]
[BlackTeam "Bolivia"]
[WhiteTeamCountry "TUN"]
[BlackTeamCountry "BOL"]

1. e4 g6 2. d4 c5 3. Nf3 Bg7 4. Nc3 cxd4 5. Nxd4 Nc6 6. Be3 Nf6 7. Bc4 d6 8. f3 a6 9. Bb3 Bd7 10. Qd2 O-O 11. h4 Rc8 ({RR} 11... h5 12. O-O-O b5 13. g4 a5 14. g5 Nxd4 15. Bxd4 Ne8 16. a4 bxa4 17. Nxa4 Rb8 18. f4 Bxd4 19. Qxd4 Rb4 20. Nc3 Rxd4 21. Rxd4 Nc7 22. f5 gxf5 23. g6 Be6 24. exf5 Bxb3 {0-1 Terletsky,O (2213)-Karthikeyan,M (2606) Titled Tuesday intern op 30th Mar blitz 2021 (7)}) ({RR} 11... h5 12. O-O-O b5 13. Nxc6 Bxc6 14. Bh6 b4 15. Bxg7 Kxg7 16. Nd5 Bxd5 17. exd5 a5 18. g4 a4 19. Bc4 Qa5 20. gxh5 Nxh5 21. Rhg1 Rac8 22. Qd4+ Kh7 23. Bd3 b3 24. Qg4 Rxc2+ 25. Kb1 bxa2+ 26. Ka1 {1-0 Wafa,H (2178)-Mulawa,C (2186) Titled Tue 29th Aug Late 2023 (7)}) 12. O-O-O Ne5 13. Bg5 $146 ({RR} 13. Nde2 Nc4 14. Bxc4 Rxc4 15. Bh6 Qa5 16. h5 Bxh6 17. Qxh6 Rfc8 18. hxg6 fxg6 19. Rd3 Qd8 20. g4 Qf8 21. Qxf8+ Rxf8 22. e5 dxe5 23. g5 Bf5 24. gxf6 Bxd3 25. fxe7 Bxe2 26. exf8=Q+ Kxf8 27. Nxe2 Kg7 {1-0 Silva Sanchez,C (2388)-Kizner,K Internet Section 14-B blitz 2003 (1)}) ({RR} 13. Bh6 b5 14. h5 Kh8 15. hxg6 fxg6 16. Bxg7+ Kxg7 17. Qh6+ Kh8 18. Nd5 Nf7 19. Qxg6 Ne5 20. Nxf6 {1-0 Veiga,J (2114)-Lomba,L (1242) Guimaraes op 2017 (1)}) ({RR} 13. Kb1 b5 14. h5 Nc4 15. Bxc4 Rxc4 16. hxg6 fxg6 17. g4 Qe8 18. Nb3 Qf7 19. Qh2 Bh8 20. e5 Ne8 21. exd6 Nxd6 22. Nd4 Rfc8 23. Nd5 e5 24. Bg5 Re8 25. Nb3 Re6 26. Ne7+ Rxe7 27. Bxe7 Qxe7 {1-0 Uzumcu,A (2149)-Jahedi,M (2004) Wch U12 Batumi 2016 (6)}) 13... Nc4 14. Qe2 b5 15. Qe1 h6 16. Bxc4 bxc4 17. Be3 Rb8 18. e5 Ne8 19. exd6 Nxd6 20. g4 Qb6 21. b3 cxb3 22. axb3 Qb4 23. Nb1 Qb7 24. Qf1 Rfc8 25. Qd3 Nc4 26. Bf2 e5 27. Ne2 e4 28. Qxc4 Rxc4 29. bxc4 Qxb1+ 30. Kd2 Qb4+ 31. Kc1 Bb2+ 0-1

[Event "Olympiad Women 2024"]
[Site "Budapest HUN"]
[Date "2024.09.20"]
[Round "9.46"]
[Board "4"]
[White "Molina, Jessica"]
[Black "Hasnaoui, Abrar"]
[Result "1-0"]
[WhiteElo "1945"]
[BlackElo "1595"]
[PlyCount "83"]
[EventDate "2024.09.11"]
[WhiteTeam "Bolivia"]
[BlackTeam "Tunisia"]
[WhiteTeamCountry "BOL"]
[BlackTeamCountry "TUN"]

1. d4 d5 2. Nf3 Nf6 3. Bf4 e6 4. e3 Bd6 5. Bg3 O-O 6. Bd3 b6 7. Nbd2 Bb7 8. Ne5 Nbd7 9. Qf3 ({RR} 9. O-O Ne4 10. Nxe4 dxe4 11. Bb5 Nxe5 12. dxe5 Be7 13. Qe2 c6 14. Rad1 Qc7 15. Ba6 Rfd8 16. Bxb7 Qxb7 17. Qg4 Qa6 18. Qxe4 Qxa2 19. b3 Rxd1 20. Rxd1 Rd8 21. Rxd8+ Bxd8 22. f4 Qa1+ 23. Kf2 Qc3 {½-½ Jirovsky,M (2482)-Haba,P (2541) CZE-chT 0910 2009 (1.7)}) ({RR} 9. f4 Ne4 10. Nxd7 Qxd7 11. O-O f5 12. Nxe4 dxe4 13. Be2 Be7 14. c3 a5 15. a4 Ba6 16. Bxa6 Rxa6 17. Qb3 Raa8 18. Rfd1 Rad8 19. c4 Bb4 20. Bh4 Rde8 21. Rac1 Qf7 22. c5 bxc5 23. dxc5 e5 {1-0 Borowy,C (2006)-Lewandrowski,T (1919) 286th YMCA Spring A 2024 (1)}) 9... c5 10. c3 c4 $146 ({RR} 10... Qc7 11. Nxd7 Qxd7 12. Be5 Be7 13. g4 cxd4 14. exd4 Qc6 15. Qh3 Ne4 16. Rg1 f6 17. Bf4 g6 18. f3 Nxd2 19. Kxd2 Bd6 20. Bxd6 Qxd6 21. Qh6 Rf7 22. f4 e5 23. Bxg6 hxg6 24. Qxg6+ Rg7 25. dxe5 {½-½ Blaho,S (2043)-Kubis,I (1907) SVK-chT3A2 1819 2018 (11.6)}) ({RR} 10... Qc7 11. Nxd7 Nxd7 12. Bxd6 Qxd6 13. Qg3 Qxg3 14. hxg3 h6 15. Ke2 Bc6 16. f4 a5 17. g4 f6 18. Nf3 Rfe8 19. Bg6 Re7 20. Rh5 Nf8 21. Bc2 Be8 22. Rh3 Bg6 23. Bxg6 Nxg6 24. g5 hxg5 25. fxg5 {0-1 Szabolcsi,J (2418)-Horvath,Z (2342) HUN-chT 0102 2001 (11)}) ({RR} 10... Qc7 11. Ng4 Nxg4 12. Qxg4 e5 13. O-O e4 14. Bc2 f5 15. Bxd6 Qxd6 16. Qf4 Qxf4 17. exf4 cxd4 18. cxd4 Rac8 19. Rfc1 Rfd8 20. Bb3 Nf8 21. Nf1 Ne6 22. Ne3 Nxf4 23. Rxc8 Rxc8 24. Nxf5 Rd8 25. Re1 {0-1 Maurer,R (1933)-Rasch,G (2078) Regionalliga SW 0809 2008 (2.6)}) 11. Nxd7 Qxd7 12. Bxd6 Qxd6 13. Bxc4 Qc6 14. Bd3 Ne4 15. Bxe4 dxe4 16. Qe2 a5 17. Qc4 Qd7 18. Qb3 b5 19. a4 bxa4 20. Qxa4 Bc6 21. Qc2 Qb7 22. O-O Rfc8 23. Nc4 Qa6 24. Nxa5 Bb5 25. Rfc1 Bd3 26. Qd2 Qb6 27. b4 Ra6 28. Nb3 Rca8 29. Rxa6 Qxa6 30. h3 Qc4 31. Na5 Qb5 32. c4 Qa4 33. Nb7 Qc6 34. Nc5 Ra3 35. b5 Qa8 36. b6 Qc6 37. b7 Qb6 38. Qe1 Ra2 39. Ra1 Bxc4 40. Rxa2 Bxa2 41. Qa5 Qb1+ 42. Kh2 1-0

[Event "Olympiad Women 2024"]
[Site "Budapest HUN"]
[Date "2024.09.20"]
[Round "9.47"]
[Board "1"]
[White "Ortez, Andrea"]
[Black "Nihaya, Ahmed"]
[Result "1/2-1/2"]
[WhiteElo "1948"]
[BlackElo "1589"]
[PlyCount "112"]
[EventDate "2024.09.11"]
[WhiteTeam "El Salvador"]
[BlackTeam "Maldives"]
[WhiteTeamCountry "ESA"]
[BlackTeamCountry "MDV"]

1. e4 e5 2. Nf3 Nc6 3. Bb5 a6 4. Ba4 Nf6 5. Qe2 Bd6 6. O-O O-O 7. d3 h6 8. c3 Re8 9. Nbd2 b5 10. Bb3 Bf8 11. Rd1 d5 12. exd5 $146 ({RR} 12. h3 Na5 13. Bc2 c5 14. Nf1 d4 15. cxd4 exd4 16. Ng3 Nc6 17. Bb3 Bd6 18. Nh4 Bxg3 19. fxg3 Ne5 20. Nf3 Be6 21. Bxe6 Rxe6 22. Nxe5 Rxe5 23. Qf2 Rc8 24. b3 Re6 25. Bb2 b4 26. Rf1 Qe7 {½-½ Munguntuul,B (2447)-Kosintseva,N (2516) Jermuk FIDE GP (Women) 2012 (4)}) ({RR} 12. Nf1 Be6 13. Ng3 Qd7 14. Bc2 d4 15. h3 Bc5 16. Bd2 Rad8 17. Nh4 dxc3 18. bxc3 b4 19. Nhf5 bxc3 20. Bxc3 Bd4 21. Bxd4 Nxd4 22. Nxd4 Qxd4 23. Bb3 g6 24. Rac1 c5 25. Qc2 Rc8 26. Ne2 Qd6 {1-0 Mamedov,R (2654)-Tari,A (2630) Chess24 Banter Blitz Cup Qual-C 2020 (3.3)}) 12... Nxd5 13. Qe4 Be6 14. Nf1 Qd7 15. Nxe5 Nxe5 16. Qxe5 Bd6 17. Qd4 c5 18. Qh4 Be7 19. Qe4 Bd6 20. Bxd5 Bxd5 21. Qh4 Re6 22. Ne3 Bb7 23. d4 Re4 24. Qh5 Rae8 25. f3 g6 26. Qh3 Qxh3 27. gxh3 Rxe3 28. Bxe3 Rxe3 29. Rf1 cxd4 30. cxd4 Bf4 31. Kg2 Bd5 32. b3 Rd3 33. Rad1 Bxf3+ 34. Rxf3 Rxd1 35. Rxf4 Rd2+ 36. Kf3 Rxa2 37. Rf6 Rxh2 38. d5 Rd2 39. Ke4 a5 40. Ra6 a4 41. bxa4 bxa4 42. Rxa4 Re2+ 43. Kd4 f5 44. Kc5 Kf7 45. Kc6 Rc2+ 46. Kd7 g5 47. d6 Rb2 48. Kd8 Rd2 49. d7 f4 50. Ra5 Ke6 51. Ra6+ Kf7 52. Rxh6 f3 53. Rc6 f2 54. Rc1 Ke6 55. Rc6+ Kf7 56. Rc1 Ke6 1/2-1/2

[Event "Olympiad Women 2024"]
[Site "Budapest HUN"]
[Date "2024.09.20"]
[Round "9.47"]
[Board "3"]
[White "Zavala Galindo, Alejandra Beatriz"]
[Black "Aishath Iva Hassan"]
[Result "1-0"]
[WhiteElo "1870"]
[BlackElo "1422"]
[PlyCount "65"]
[EventDate "2024.09.11"]
[WhiteTeam "El Salvador"]
[BlackTeam "Maldives"]
[WhiteTeamCountry "ESA"]
[BlackTeamCountry "MDV"]

1. Nf3 d5 2. g3 g6 3. Bg2 Bg7 4. d3 e5 5. O-O Ne7 6. e4 d4 7. a4 a5 ({RR} 7... c5 8. Na3 Nbc6 9. c3 h6 10. cxd4 cxd4 11. Bd2 O-O 12. b4 Bg4 13. Nc4 Rc8 14. b5 Nb8 15. Bb4 Nd7 16. Qd2 b6 17. a5 Be6 18. axb6 axb6 19. Rfc1 Bxc4 20. dxc4 Nc5 21. Qc2 Qd7 22. Ne1 {1-0 Le,Q (2703)-Ponomariov,R (2731) Beijing Sportaccord blitz 2013 (5)}) 8. Na3 c5 9. Nc4 Nbc6 10. Ne1 $146 ({RR} 10. Bd2 O-O 11. Qc1 Qc7 12. Bh6 Be6 13. Bxg7 Kxg7 14. Nfd2 Nb4 15. f4 f6 16. Qd1 Rf7 17. Rc1 Bd7 18. fxe5 f5 19. Nd6 Rff8 20. exf5 Nxf5 21. Nxf5+ Bxf5 22. Nc4 Rae8 23. Qd2 Nc6 24. Bxc6 Qxc6 {0-1 Dinh,Q-Doan,T Hanoi nat op 2002 (9)}) ({RR} 10. Nfd2 Be6 11. f4 exf4 12. gxf4 O-O 13. Na3 Qd7 14. Ndc4 Ra6 15. Bd2 f5 16. e5 Nd5 17. Qe2 Qe7 18. Nb5 Bh6 19. Rf3 Ncb4 20. c3 Nc6 21. Raf1 Rd8 22. Rh3 Bg7 23. Be1 Rd7 24. Bh4 Qf8 {1-0 Rosato,L (2229)-Cosenza,G (1957) Napoli Porreca Memorial 2nd 2012 (1)}) 10... O-O 11. f4 f5 12. Nf3 Qc7 13. Nfxe5 Nxe5 14. Nxe5 Bxe5 15. fxe5 Qxe5 16. Bf4 Qf6 17. Qd2 Qb6 18. b3 Bd7 19. Rae1 Bc6 20. Bd6 Rf7 21. Bxe7 Rxe7 22. exf5 Rxe1 23. Rxe1 Bxg2 24. Qxg2 gxf5 25. Qd5+ Kh8 26. Qxf5 Qd6 27. Re6 Qd7 28. Qe5+ Kg8 29. Qg5+ Kf8 30. Rf6+ Ke8 31. Qg8+ Ke7 32. Qg7+ Ke8 33. Qf8# 1-0

[Event "Olympiad Women 2024"]
[Site "Budapest HUN"]
[Date "2024.09.20"]
[Round "9.47"]
[Board "4"]
[White "Aini Munthazim"]
[Black "Barahona, Dalila Yamileth"]
[Result "0-1"]
[WhiteElo "1536"]
[BlackElo "1833"]
[PlyCount "96"]
[EventDate "2024.09.11"]
[WhiteTeam "Maldives"]
[BlackTeam "El Salvador"]
[WhiteTeamCountry "MDV"]
[BlackTeamCountry "ESA"]

1. e4 c5 2. Nf3 g6 3. c4 Bg7 4. d4 cxd4 5. Nxd4 Nc6 6. Be3 Nf6 7. Nc3 d6 8. Be2 O-O 9. Nc2 Be6 10. O-O Rc8 11. c5 $146 ({RR} 11. Qd2 Re8 12. f3 Nd7 13. Rac1 Qa5 14. Na3 Nce5 15. Nd5 Qxd2 16. Bxd2 Nc6 17. Bc3 Nd4 18. Kf2 Nxe2 19. Kxe2 Ne5 20. b3 Bd7 {½-½ Emma,J-Incutto,C ARG-ch37 Buenos Aires 1959 (9)}) ({RR} 11. f3 Nd7 12. Qd2 a6 13. Rac1 Na5 14. b3 b5 15. Nd4 bxc4 16. Nxe6 fxe6 17. b4 Nb7 18. Na4 Ne5 19. f4 c3 20. Rxc3 Rxc3 21. Nxc3 Nc6 22. Na4 d5 23. e5 d4 24. Bf2 a5 25. b5 Nb4 {½-½ Zhao,X (2477)-Lagno,K (2547) Huaian IMSA Basque (Women) 2nd rapid 2017 (1.2)}) ({RR} 11. Qd2 a6 12. f3 Nd7 13. Rac1 Na5 14. b3 b5 15. Nd4 bxc4 16. Nxe6 fxe6 17. b4 Nb7 18. Na4 Ne5 19. f4 Nd3 20. Bxd3 cxd3 21. Qxd3 Rxc1 22. Rxc1 Qd7 23. Qxa6 Rc8 24. Rxc8+ Qxc8 25. Qd3 Qc6 {1-0 Lewis,A (2297)-Jayawarna,N (2192) BCF-chT2a 1819 (4NCL) 2018 (6.22)}) ({RR} 11. Rc1 Qa5 12. Bd2 Qd8 13. b3 Nd7 14. Nd5 Nc5 15. f3 f5 16. exf5 Bxf5 17. Bc3 Bh6 18. Bd2 {½-½ De Lange,D-Malich,B Olympiad-14 Preliminaries A 1960 (5)}) ({RR} 11. f4 Na5 12. b3 a6 13. Nd4 b5 14. Rc1 bxc4 15. b4 Nb7 16. g4 Bd7 17. g5 Ne8 18. f5 e5 19. Nc2 f6 20. Qd5+ Kh8 21. Qxb7 gxf5 22. Bb6 Qe7 23. Nd5 Qf7 24. exf5 fxg5 25. Nce3 Nf6 {1-0 Bisguier,A-Levy,L US Open-62 San Francisco 1961 (7)}) 11... dxc5 12. Bxc5 b6 13. Be3 Qc7 14. f4 Na5 15. Bd4 Rfd8 16. Rc1 Nxe4 17. Nxe4 Bxd4+ 18. Nxd4 Qxc1 19. Qxc1 Rxc1 20. Rxc1 Rxd4 21. Ng5 Bc4 22. Bxc4 Nxc4 23. b3 Nd2 24. g3 h6 25. Nh3 Rd7 26. Nf2 Nf3+ 27. Kg2 Nd4 28. Rd1 Kf8 29. g4 Ke8 30. h4 Ne2 31. Kf3 Nc3 32. Rxd7 Kxd7 33. a3 Nb1 34. Nd3 Ke6 35. Ne5 Nxa3 36. Ke4 f5+ 37. gxf5+ gxf5+ 38. Kd4 Nc2+ 39. Kc4 a6 40. h5 Ne3+ 41. Kd4 Ng4 42. Nc4 b5 43. Na5 Nf6 44. Nb7 Nxh5 45. Nc5+ Kd6 46. Nxa6 Nxf4 47. Ke3 e5 48. Kf3 Nd5 0-1

[Event "Olympiad Women 2024"]
[Site "Budapest HUN"]
[Date "2024.09.20"]
[Round "9.48"]
[Board "1"]
[White "Bouzana, Christina"]
[Black "Diaz Cesar, Wilsaida Pieranlly"]
[Result "0-1"]
[WhiteElo "1644"]
[BlackElo "1900"]
[PlyCount "72"]
[EventDate "2024.09.11"]
[WhiteTeam "Cyprus"]
[BlackTeam "Dominican Republic"]
[WhiteTeamCountry "CYP"]
[BlackTeamCountry "DOM"]

1. d4 Nf6 2. c4 e5 3. dxe5 Ng4 4. Nf3 Bc5 5. e3 Nc6 6. Nc3 O-O 7. Be2 Re8 8. O-O Ngxe5 9. a3 a5 10. b3 Nxf3+ 11. Bxf3 Ne5 12. Be4 Ra6 13. Bb2 $146 ({RR} 13. Bc2 Rh6 14. f4 Nc6 15. Qf3 Qf6 16. Na4 Qxa1 17. Bb2 Rxe3 18. Nxc5 Rxf3 19. Bxa1 Re3 20. Rd1 d6 21. Ne4 Bf5 22. Rc1 Rxe4 23. Bxe4 Bxe4 24. Re1 Re6 {0-1 Karpiejus,E (1442)-Misiuk,E (1745) LTU-ch U14 Panevezys 2015 (4)}) ({RR} 13. f4 Ng6 14. Qh5 Qf6 15. Qxc5 Qxc3 16. Bxg6 Rxg6 17. Ra2 Qxb3 18. Rb2 Qc3 19. Qxc7 Rc6 20. Qb8 Rxe3 21. Rxb7 Re1 22. Rxd7 Rxf1+ 23. Kxf1 Qxc1+ 24. Kf2 Qc2+ 25. Kg1 Qc1+ 26. Kf2 Qc2+ 27. Kg1 h6 {½-½ Grapsa,G (2057)-Malamas,K Patras op 3rd 2001 (5)}) 13... Rh6 14. h3 Qh4 15. Qc2 d6 16. Bf5 Nf3+ 17. Kh1 Bxf5 18. Qxf5 Ng5 19. Kh2 Ree6 20. Nd5 c6 21. Nf4 g6 22. Qd3 Ne4 23. Nxe6 fxe6 24. Qe2 e5 25. Qf3 g5 26. Qf5 g4 27. Qc8+ Kg7 28. Qd7+ Kg6 29. Qe8+ Kg5 30. Qg8+ Rg6 31. Qd8+ Nf6 32. f4+ Kh5 33. fxe5 gxh3 34. Rf5+ Rg5 35. Qxf6 hxg2+ 36. Kg1 Bxe3+ 0-1